Avec Jean-Paul BELMONDO ... ou pas - Statistiques

Statistiques générales
  • Ce quiz a été pris 245 fois
  • Le résultat moyen est 17 sur 40
Answers on the Grid
Answers color-coded by a green-red scale on the quiz's grid according to % correct below.
Les copains du dimanche (1957)
Un drôle de dimanche (1958)
À bout de souffle (1960)
Classe tous risques (1960)
Léon Morin, prêtre (1961)
Un nommé La Rocca (1961)
Cartouche (1962)
Un singe en hiver (1962)
L'aîné des Ferchaux (1963)
Peau de banane (1963)
Cent mille dollars au soleil (1964)
L'homme de Rio (1964)
Week-end à Zuydcoote (1964)
Par un beau matin d'été (1965)
Pierrot le fou (1965)
Les tribulations d'un chinois en Chine (1965)
Tendre voyou (1966)
Le cerveau (1969)
Un homme qui me plaît (1969)
Borsalino (1970)
La scoumoune (1972)
L'héritier (1972)
Le magnifique (1973)
L'incorrigible (1975)
Le corps de mon ennemi (1976)
Flic ou voyou (1979)
Le professionnel (1981)
Le marginal (1983)
Joyeuses Pâques (1984)
Une chance sur deux (1998)
Hold-up (1985)
Le solitaire (1987)
Itinéraire d'un enfant gâté (1988)
Les acteurs (2000)
L'as des as (1982)
Les morfalous (1984)
Stavisky... (1974)
L'alpagueur (1976)
Le ruffian (1983)
Le guignolo (1980)
Le tueur (1972)
Le silencieux (1973)
Le cercle rouge (1970)
Le sauvage (1975)
Le choix des armes (1981)
Le grand escogriffe (1977)
Sept morts sur ordonnance (1975)
La valise (1973)
Le soleil des voyous (1967)
Mélodie en sous-sol (1963)
Plus ça va, moins ça va (1977)
Du rififi à Paname (1966)
Deux hommes dans la ville (1973)
Le clan des siciliens (1969)
L'indiscrétion (1982)
Les feux de la chandeleur (1972)
L'homme aux nerfs d'acier (1973)
L'âge ingrat (1964)
Le crabe-tambour (1977)
Le cavaleur (1978)
Un dimanche de flic (1983)
Le deuxième souffle (1966)
Un témoin dans la ville (1959)
Le doulos (1962)
 
Statistiques - réponses
Réponse % Correct
L'as des as (1982)
72%
Le marginal (1983)
68%
Le professionnel (1981)
68%
Le magnifique (1973)
67%
Le guignolo (1980)
66%
L'homme de Rio (1964)
66%
Borsalino (1970)
65%
Le cerveau (1969)
64%
Itinéraire d'un enfant gâté (1988)
60%
Flic ou voyou (1979)
59%
Pierrot le fou (1965)
56%
Un singe en hiver (1962)
51%
À bout de souffle (1960)
50%
Le solitaire (1987)
48%
Cartouche (1962)
46%
Les morfalous (1984)
46%
Léon Morin, prêtre (1961)
45%
Les tribulations d'un chinois en Chine (1965)
45%
L'alpagueur (1976)
44%
L'incorrigible (1975)
43%
Week-end à Zuydcoote (1964)
43%
Stavisky... (1974)
41%
L'héritier (1972)
40%
Joyeuses Pâques (1984)
38%
Hold-up (1985)
35%
La scoumoune (1972)
35%
Cent mille dollars au soleil (1964)
33%
Le corps de mon ennemi (1976)
33%
Une chance sur deux (1998)
31%
Le doulos (1962)
28%
L'aîné des Ferchaux (1963)
26%
Les acteurs (2000)
23%
Tendre voyou (1966)
23%
Un homme qui me plaît (1969)
21%
Classe tous risques (1960)
19%
Un nommé La Rocca (1961)
19%
Les copains du dimanche (1957)
12%
Peau de banane (1963)
11%
Un drôle de dimanche (1958)
10%
Par un beau matin d'été (1965)
9%
Aucun quiz correspondant
Distribution des résultats
% des personnes avec chaque résultat
Percentile par nombre de réponses
Votre historique - résultats
Vous n’avez pas pris ce quiz